000 00271nam a2200109Ia 4500
008 220204s9999 xx 000 0 und d
082 _a159.922
_bJAN
100 _aJanus, Sam
245 2 _aA Sexual profile of men in power
260 _aNew York
_bWarner
_c1978
942 _cBK
999 _c29983
_d29983